Urban Agglomeration - Letter D - Statistics

General Stats
  • This quiz has been taken 32 times
  • The average score is 6 of 7
Answer Stats
Second Letter Answer % Correct
A Dallas | Dar es Salaam | Dakar | Damascus | Dammam
100%
E Detroit | Denver | Denpasar
97%
H Dhaka
97%
U Dubai | Durban | Dublin | Dushanbe
93%
N Dnipro
79%
O Douala | Doha | Donetsk
79%
I Diyarbakır
21%
No matching quizzes found
Score Distribution
Percent of People with Each Score
Percentile by Number Answered
Your Score History
You have not taken this quiz